Normal view MARC view
  • Guide Name:Nivasarkar Sandhya

Entry Personal Name

Number of records used in: 1

001 - CONTROL NUMBER

  • control field: 210280

003 - CONTROL NUMBER IDENTIFIER

  • control field: OSt

005 - DATE AND TIME OF LATEST TRANSACTION

  • control field: 20250110171520.0

008 - FIXED-LENGTH DATA ELEMENTS

  • fixed length control field: 250110|| aca||aabn | a|a d

040 ## - CATALOGING SOURCE

  • Original cataloging agency: OSt
  • Transcribing agency: OSt

100 ## - HEADING--PERSONAL NAME

  • Personal name: Guide Name:Nivasarkar Sandhya

670 ## - SOURCE DATA FOUND

  • Source citation: Work cat.: (OSt)363472: Wasunkar Priyanka 182605, Auro Vrtta : A School For Creative Exploration And Teaching In Architecture And Desing, 2014